Social housebuilding slumps to lowest ever (Record no. 72038)

MARC details
000 -LEADER
fixed length control field 01131cam a2200241 4500
001 - CONTROL NUMBER
control field ABS66355
008 - FIXED-LENGTH DATA ELEMENTS--GENERAL INFORMATION
fixed length control field 030203n2003 000 0 eng u
035 ## - SYSTEM CONTROL NUMBER
System control number (Sirsi) u121219
100 ## - MAIN ENTRY--PERSONAL NAME
Personal name Macdonald, S.
245 ## - TITLE STATEMENT
Title Social housebuilding slumps to lowest ever
260 ## - PUBLICATION, DISTRIBUTION, ETC.
Date of publication, distribution, etc. 2003
490 ## - SERIES STATEMENT
Series statement Housing Today
Volume/sequential designation (316) 16 January 2003, 15(1)
520 ## - SUMMARY, ETC.
Summary, etc. Analyses the slump in building social housing to its lowest level since records began in 1949. The overall figure for social housing has fallen by almost a third since 1997. The planning system, especially the government's brownfield policy, is blamed by the House Builders Federation (HBF) for the shortfall. The HBF has also called on the government to provide funds to aid the remediation of contaminated land to boost the use of brownfield sites and to direct the funds to agencies such as English Partnerships.
590 ## - LOCAL NOTE (RLIN)
Local note ABS
650 ## - SUBJECT ADDED ENTRY--TOPICAL TERM
Topical term or geographic name entry element SOCIAL HOUSING
650 ## - SUBJECT ADDED ENTRY--TOPICAL TERM
Topical term or geographic name entry element BROWNFIELD SITES
650 ## - SUBJECT ADDED ENTRY--TOPICAL TERM
Topical term or geographic name entry element CONTAMINATED LANDS
650 ## - SUBJECT ADDED ENTRY--TOPICAL TERM
Topical term or geographic name entry element REMEDIATION
650 ## - SUBJECT ADDED ENTRY--TOPICAL TERM
Topical term or geographic name entry element REGENERATION
650 ## - SUBJECT ADDED ENTRY--TOPICAL TERM
Topical term or geographic name entry element GREENFIELD SITES
690 ## - LOCAL SUBJECT ADDED ENTRY--TOPICAL TERM (OCLC, RLIN)
Topical term or geographic name as entry element Affordable housing
9 (RLIN) 6215
942 ## - ADDED ENTRY ELEMENTS (KOHA)
Suppress in OPAC 0
Holdings
Withdrawn status Lost status Source of classification or shelving scheme Damaged status Not for loan Home library Current library Shelving location Date acquired Total Checkouts Full call number Barcode Date last seen Copy number Price effective from Koha item type
    Dewey Decimal Classification     London London Journal article 03/02/2003   ABS66355 121219-1001 06/08/2019 1 06/08/2019 Journal article